| 000 -LEADER |
| fixed length control field |
00919nam a22002297a 4500 |
| 003 - CONTROL NUMBER IDENTIFIER |
| control field |
Ge_BSU |
| 005 - DATE AND TIME OF LATEST TRANSACTION |
| control field |
20260227103600.0 |
| 008 - FIXED-LENGTH DATA ELEMENTS--GENERAL INFORMATION |
| fixed length control field |
260227s2000 enk||||| |||| 00| 0 eng d |
| 020 ## - INTERNATIONAL STANDARD BOOK NUMBER |
| International Standard Book Number |
9780312228477x |
| 041 ## - LANGUAGE CODE |
| Language code of text/sound track or separate title |
eng |
| 080 ## - UNIVERSAL DECIMAL CLASSIFICATION NUMBER |
| Universal Decimal Classification number |
341.123.043 : 327(520) D-81 |
| 100 ## - MAIN ENTRY--PERSONAL NAME |
| Personal name |
Drifte, Reinhard. |
| 9 (RLIN) |
27004 |
| 245 ## - TITLE STATEMENT |
| Title |
Japan's quest for a permanent security council seat : |
| Remainder of title |
A matter of pride or justice? / |
| Statement of responsibility, etc. |
Reinhard Drifte. |
| 264 ## - PRODUCTION, PUBLICATION, DISTRIBUTION, MANUFACTURE, AND COPYRIGHT NOTICE |
| Place of production, publication, distribution, manufacture |
Oxford : |
| Name of producer, publisher, distributor, manufacturer |
St. Antony's college, |
| Date of production, publication, distribution, manufacture, or copyright notice |
2000. |
| 300 ## - PHYSICAL DESCRIPTION |
| Extent |
269 p. ; |
| Other physical details |
22 cm. |
| 440 ## - SERIES STATEMENT/ADDED ENTRY--TITLE |
| Title |
St. Antony's ser |
| 9 (RLIN) |
27005 |
| 504 ## - BIBLIOGRAPHY, ETC. NOTE |
| Bibliography, etc. note |
Bibliogr.: p. 246-260. |
| 653 ## - INDEX TERM--UNCONTROLLED |
| keyword |
გაეროს უშიშროების წევრები. |
| 653 ## - INDEX TERM--UNCONTROLLED |
| keyword |
იაპონია-გაეროს ურთიერთობები |
| 653 ## - INDEX TERM--UNCONTROLLED |
| keyword |
იაპონიის საერთაშორისო ურთიერთობები |
| 942 ## - ADDED ENTRY ELEMENTS (KOHA) |
| Source of classification or shelving scheme |
|
| Koha item type |
წიგნი |